Sucinta reseña y observaciones acerca del orígen del chocolate y su fabricacion / (Record no. 158082)
[ view plain ]
| 000 -LEADER | |
|---|---|
| campo de control de longitud fija | 00772nam a22002055i 4500 |
| 001 - NÚMERO DE CONTROL | |
| campo de control | 158082 |
| 003 - IDENTIFICADOR DE NÚMERO DE CONTROL | |
| campo de control | ES-MaACL |
| 005 - FECHA Y HORA DE LA ÚLTIMA TRANSACCIÓN | |
| campo de control | 20230906211008.0 |
| 008 - DATOS DE LONGITUD FIJA--INFORMACIÓN GENERAL | |
| campo de control de longitud fija | 040826s1869 sp |||| | spa d |
| 040 ## - FUENTE DE CATALOGACIÓN | |
| Centro catalogador/agencia de origen | CAM |
| Lengua de catalogación | spa |
| Centro/agencia transcriptor | CAM |
| 100 1# - ENTRADA PRINCIPAL--NOMBRE DE PERSONA | |
| Nombre de persona | Lopez y Lopez, Matias. |
| 9 (RLIN) | 201570 |
| 245 10 - MENCIÓN DEL TÍTULO | |
| Título | Sucinta reseña y observaciones acerca del orígen del chocolate y su fabricacion / |
| Mención de responsabilidad, etc. | opúsculo escrito por el fabricante Matias Lopez y Lopez. |
| 250 ## - MENCION DE EDICION | |
| Mención de edición | 2ª ed. corr. y aum. |
| 260 ## - PUBLICACIÓN, DISTRIBUCIÓN, ETC. | |
| Lugar de publicación, distribución, etc. | Madrid : |
| Nombre del editor, distribuidor, etc. | [s.n.], |
| Fecha de publicación, distribución, etc. | 1869 ( |
| Fabricante | Imprenta de José M. Ducazcal) |
| 300 ## - DESCRIPCIÓN FÍSICA | |
| Extensión | [1] h. de lam., 87 p. ; |
| Dimensiones | 20 cm. |
| 599 ## - NOTA A LAS ILUSTRACIONES | |
| NOTA A LAS ILUSTRACIONES | La h. de lam. lit. retrato del autor: "Lit. A. Foruny" |
| 650 #4 - PUNTO DE ACCESO ADICIONAL DE MATERIA--TÉRMINO DE MATERIA | |
| Término de materia o nombre geográfico como elemento de entrada | Chocolate. |
| 9 (RLIN) | 135763 |
| 852 ## - LOCALIZACIÓN | |
| Ubicación | ES-MaACL |
| Número de control de estantería | C-3427 |
| Nota libre | -- Enc. piel con hierros |
| Estatus retirado | Estado de pérdida | Estado de daño | No para préstamo | Colección | Biblioteca de origen | Biblioteca actual | Ubicación en estantería | Fecha de adquisición | Fuente de adquisición | Total de préstamos | Signatura topográfica completa | Código de barras | Visto por última vez | Precio de reemplazo | Tipo de ítem Koha |
|---|---|---|---|---|---|---|---|---|---|---|---|---|---|---|---|
| Libros del s. XIX | Biblioteca del Ateneo de Madrid | Biblioteca del Ateneo de Madrid | Sala Palomar | 17/01/2008 | C-3427 | 1165446 | 23/02/2023 | 23/02/2023 | Libro impreso antiguo |
